000 00463cam a2200181ua 4500
020 _c45.00
041 _aeng
_h
082 _a589.9
_bSAL/FU
100 _aSalle, A J .
245 _aFundamental principles of bacteriology /
_cA J Salle.
_hTextual Documents
250 _a7 /
_b.
260 _aNew Delhi :
_bTata Mc-Graw Hill Publishing Company ,
_c1978.
300 _a1094 ; .
365 _a45.00
504 _a
942 _cBK
999 _c9364
_d9364